书目信息 |
| 题名: |
动物疾病防治
|
|
| 作者: | 黄国清 , 邬向东 , 张学栋 主编 | |
| 分册: | ||
| 出版信息: | 北京 中国农业大学出版社 2017.1 |
|
| 页数: | 399页 | |
| 开本: | 26cm | |
| 丛书名: | 教育部 财政部职业院校教师素质提高计划成果系列丛书 | |
| 单 册: | ||
| 中图分类: | S85 | |
| 科图分类: | ||
| 主题词: | 动物疾病--防治--教材 | |
| 电子资源: | ||
| ISBN: | 978-7-5655-1666-5 | |
| 000 | 01071nam 2200277 450 | |
| 001 | 0400003159 | |
| 005 | 20171021202444.0 | |
| 010 | @a978-7-5655-1666-5@dCNY54.00 | |
| 100 | @a20170427d2017 em y0chiy50 ea | |
| 101 | 0 | @achi |
| 102 | @aCN@b110000 | |
| 105 | @aa z 000yy | |
| 106 | @ar | |
| 200 | 1 | @a动物疾病防治@9dong wu ji bing fang zhi@f黄国清, 邬向东, 张学栋主编 |
| 210 | @a北京@c中国农业大学出版社@d2017.1 | |
| 215 | @a399页@c图@d26cm | |
| 225 | 1 | @a教育部 财政部职业院校教师素质提高计划成果系列丛书 |
| 330 | @a本书以工作过程为导向,以动物疾病治疗为依据,按照“模块-项目-任务”的结构,构建动物疾病诊断技术、动物疫病防控技术、动物疾病治疗技术、动物常见传染病防治技术、动物常见寄生虫病防治技术和动物常见普通病防治技术6个模块。 | |
| 410 | 0 | @12001 @a教育部 财政部职业院校教师素质提高计划成果系列丛书 |
| 606 | 0 | @a动物疾病@x防治@j教材 |
| 690 | @aS85@v5 | |
| 701 | 0 | @a黄国清@9huang guo qing@4主编 |
| 701 | 0 | @a邬向东@9wu xiang dong@4主编 |
| 701 | 0 | @a张学栋@9zhang xue dong@4主编 |
| 801 | 0 | @aCN@b91MARC@c20171021 |
| 905 | @b1033426-30@dS85@f5@e145 | |
| 动物疾病防治/黄国清, 邬向东, 张学栋主编.-北京:中国农业大学出版社,2017.1 |
| 399页:图;26cm.-(教育部 财政部职业院校教师素质提高计划成果系列丛书) |
| ISBN 978-7-5655-1666-5:CNY54.00 |
| 本书以工作过程为导向,以动物疾病治疗为依据,按照“模块-项目-任务”的结构,构建动物疾病诊断技术、动物疫病防控技术、动物疾病治疗技术、动物常见传染病防治技术、动物常见寄生虫病防治技术和动物常见普通病防治技术6个模块。 |
| ● |
| 相关链接 |
|
|
|
|
正题名:动物疾病防治
索取号:S85/145
 
预约/预借
| 序号 | 登录号 | 条形码 | 馆藏地/架位号 | 状态 | 备注 |
| 1 | 1033426 | 210334262 | 第二样本阅览室/ [索取号:S85/145] | 在馆 | |
| 2 | 1033427 | 210334271 | 密集书库-生命科学系/ [索取号:S85/145] | 在馆 | |
| 3 | 1033428 | 210334280 | 第三借阅区/ [索取号:S85/145] | 在馆 | |
| 4 | 1033429 | 210334299 | 第三借阅区/ [索取号:S85/145] | 在馆 | |
| 5 | 1033430 | 210334306 | 第三借阅区/ [索取号:S85/145] | 在馆 |